[Event "16. Torneo Navalmoral de la Mata"]
[Site "Navamoral de la Mata ESP"]
[Date "2010.12.04"]
[Round "1.1"]
[White "Fedorchuk, Sergey A"]
[Black "Mateos Gomez, Juan Francisco"]
[Result "1-0"]
[WhiteElo "2665"]
[BlackElo "2097"]
[PlyCount "82"]
[EventDate "2010.12.04"]
[EventType "swiss"]
[EventRounds "9"]
[EventCountry "ESP"]
[Source "lmi"]
[SourceDate "2010.12.04"]

1. e4 d5 2. exd5 Qxd5 3. Nc3 Qd6 4. d4 Nf6 5. Be3 c6 6. Bd3 Na6 7. Bxa6 bxa6 8.
Qd3 g6 9. Nge2 Bg7 10. Bf4 Qb4 11. b3 O-O 12. O-O Rd8 13. Bc7 Rd7 14. a3 Qb7
15. Be5 c5 16. Na4 Qd5 17. Nxc5 Rd8 18. Nf4 Qc6 19. b4 Bh6 20. Ne2 Nd7 21. Nxd7
Rxd7 22. c4 Qe6 23. Bg3 Bb7 24. d5 Rc8 25. Nd4 Qf6 26. Nb3 Ba8 27. Rfe1 Bf8 28.
Be5 Qg5 29. Bb2 e6 30. Qd4 f6 31. h4 Qf5 32. g4 e5 33. gxf5 exd4 34. Na5 gxf5
35. Rad1 Rg7+ 36. Kf1 Rg4 37. Rxd4 f4 38. Rde4 Kf7 39. Re6 Rxc4 40. Rxf6+ Kg7
41. Nxc4 Bxd5 1-0

[Event "16. Torneo Navalmoral de la Mata"]
[Site "Navamoral de la Mata ESP"]
[Date "2010.12.04"]
[Round "1.2"]
[White "Felizes, Paulo"]
[Black "Spasov, Vasil"]
[Result "0-1"]
[WhiteElo "2090"]
[BlackElo "2606"]
[PlyCount "74"]
[EventDate "2010.12.04"]
[EventType "swiss"]
[EventRounds "9"]
[EventCountry "ESP"]
[Source "lmi"]
[SourceDate "2010.12.04"]

1. d4 Nf6 2. Bg5 e6 3. e4 h6 4. Bxf6 Qxf6 5. Nf3 d5 6. Nc3 Bb4 7. exd5 exd5 8.
Qe2+ Qe7 9. Qxe7+ Kxe7 10. Kd2 Be6 11. Bd3 Nd7 12. a3 Bd6 13. Rae1 Kf6 14. g3
c6 15. h3 Rae8 16. Ne2 g5 17. b4 Kg7 18. Nc1 Nf6 19. Nb3 Bc8 20. Ne5 Ne4+ 21.
Bxe4 dxe4 22. Nc4 Bc7 23. Nc5 f5 24. h4 b6 25. Nb3 Be6 26. Kc3 Kf6 27. Nbd2 Bd5
28. Ne3 f4 29. hxg5+ hxg5 30. gxf4 gxf4 31. Ng4+ Kg5 32. Nh6 e3 33. Reg1+ Kf6
34. Ng4+ Kf5 35. Rxh8 Rxh8 36. fxe3 Rh3 37. Kd3 Rg3 0-1

[Event "16. Torneo Navalmoral de la Mata"]
[Site "Navamoral de la Mata ESP"]
[Date "2010.12.04"]
[Round "1.3"]
[White "Corrales Jimenez, Fidel"]
[Black "Pratyusha, Bodda"]
[Result "1-0"]
[WhiteElo "2597"]
[BlackElo "2086"]
[PlyCount "93"]
[EventDate "2010.12.04"]
[EventType "swiss"]
[EventRounds "9"]
[EventCountry "ESP"]
[Source "lmi"]
[SourceDate "2010.12.04"]

1. e4 e5 2. Nf3 Nc6 3. Bb5 a6 4. Ba4 Nf6 5. O-O Be7 6. Bxc6 dxc6 7. Qe1 Nd7 8.
b3 O-O 9. Bb2 Bd6 10. d4 Re8 11. dxe5 Nxe5 12. Nxe5 Bxe5 13. Bxe5 Rxe5 14. Nd2
c5 15. Rd1 Qe8 16. f3 b6 17. Qg3 f6 18. Nc4 Re7 19. Ne3 Be6 20. c4 Rd8 21. Rxd8
Qxd8 22. Rd1 Rd7 23. Qe1 Rxd1 24. Qxd1 Qxd1+ 25. Nxd1 c6 26. Kf2 b5 27. Nb2 Kf7
28. Ke3 Ke7 29. a4 Kd6 30. a5 h5 31. h4 g6 32. f4 Bg4 33. Nd3 bxc4 34. bxc4 Be6
35. Nb2 Bg4 36. Kd2 Be6 37. Kc3 Bg4 38. Nd3 Bc8 39. g3 Bh3 40. e5+ Ke7 41. Nxc5
Bc8 42. Kd4 f5 43. Nb3 Kd7 44. Kc5 Kc7 45. Nd4 Bd7 46. e6 Be8 47. e7 1-0

[Event "16. Torneo Navalmoral de la Mata"]
[Site "Navamoral de la Mata ESP"]
[Date "2010.12.04"]
[Round "1.4"]
[White "Gonzalez Manchon, Juan Miguel"]
[Black "Kolev Ivanov, Atanas"]
[Result "0-1"]
[WhiteElo "2076"]
[BlackElo "2571"]
[PlyCount "68"]
[EventDate "2010.12.04"]
[EventType "swiss"]
[EventRounds "9"]
[EventCountry "ESP"]
[Source "lmi"]
[SourceDate "2010.12.04"]

1. d4 Nf6 2. c4 e6 3. Nc3 Bb4 4. e3 O-O 5. Nf3 d5 6. a3 Bxc3+ 7. bxc3 c5 8. Bd3
Nc6 9. O-O dxc4 10. Bxc4 Qc7 11. Bb2 e5 12. d5 Na5 13. Qe2 Bf5 14. Nd2 Nxc4 15.
Qxc4 b5 16. Qh4 Bd3 17. c4 Bxf1 18. Rxf1 bxc4 19. e4 Qa5 20. Nxc4 Qb5 21. Rc1
Rab8 22. f3 Nd7 23. Ba1 Qb3 24. Qe7 Nb6 25. Qxe5 f6 26. Qe6+ Kh8 27. d6 Nxc4
28. Re1 Ne5 29. Qf5 Qd3 30. Bxe5 fxe5 31. Qxe5 c4 32. Qe7 Qd4+ 33. Kf1 Rfe8 34.
Qc7 Rb2 0-1

[Event "16. Torneo Navalmoral de la Mata"]
[Site "Navamoral de la Mata ESP"]
[Date "2010.12.04"]
[Round "1.5"]
[White "Leon Hoyos, Manuel"]
[Black "Preethi, R."]
[Result "1-0"]
[WhiteElo "2570"]
[BlackElo "2073"]
[PlyCount "71"]
[EventDate "2010.12.04"]
[EventType "swiss"]
[EventRounds "9"]
[EventCountry "ESP"]
[Source "lmi"]
[SourceDate "2010.12.04"]

1. c4 e5 2. g3 Nf6 3. Bg2 d5 4. cxd5 Nxd5 5. Nc3 Be6 6. Nf3 Nc6 7. O-O Be7 8.
d3 O-O 9. Bd2 f6 10. Rc1 Qd7 11. Ne4 Bh3 12. Bxh3 Qxh3 13. Qb3 Rad8 14. Qxb7
Nd4 15. Nxd4 exd4 16. Qxa7 Kh8 17. Rc4 Qh5 18. Rxd4 Qxe2 19. Rxd5 Rxd5 20. Nc3
Qxd3 21. Nxd5 Qxd5 22. Qxc7 Bd8 23. Qc3 Qxa2 24. Re1 h6 25. Be3 Qa4 26. b4 Be7
27. Bd2 Bd6 28. Qd3 Rd8 29. Bc3 Bc7 30. Qf3 Qb3 31. Kg2 Rb8 32. Re3 Qf7 33. Qc6
Rb6 34. Re8+ Kh7 35. Qe4+ f5 36. Re7 1-0

[Event "16. Torneo Navalmoral de la Mata"]
[Site "Navamoral de la Mata ESP"]
[Date "2010.12.04"]
[Round "1.6"]
[White "Encinas Encinas, Alvaro"]
[Black "Shchekachev, Andrei"]
[Result "0-1"]
[WhiteElo "2059"]
[BlackElo "2527"]
[PlyCount "72"]
[EventDate "2010.12.04"]
[EventType "swiss"]
[EventRounds "9"]
[EventCountry "ESP"]
[Source "lmi"]
[SourceDate "2010.12.04"]

1. d4 Nf6 2. Nf3 g6 3. g3 Bg7 4. Bg2 O-O 5. O-O d6 6. b3 Bf5 7. Nbd2 Qc8 8. Re1
Nc6 9. Bb2 Re8 10. d5 Nb8 11. Qc1 Bh3 12. e4 Bxg2 13. Kxg2 e5 14. b4 a5 15. a3
Na6 16. c3 Nh5 17. Nc4 Nf4+ 18. gxf4 Qg4+ 19. Kf1 Qxf3 20. Qe3 Qxf4 21. Nxa5
Nc5 22. bxc5 Rxa5 23. cxd6 cxd6 24. Qb6 Ra6 25. Qxb7 Raa8 26. Bc1 Qxh2 27. Ke2
Qg2 28. Kd3 f5 29. Qb4 Qf3+ 30. Kc2 Qxf2+ 31. Bd2 Bh6 32. Red1 Qe2 33. exf5 e4
34. f6 Qd3+ 35. Kc1 e3 36. Qh4 exd2+ 0-1

[Event "16. Torneo Navalmoral de la Mata"]
[Site "Navamoral de la Mata ESP"]
[Date "2010.12.04"]
[Round "1.7"]
[White "Perez Candelario, Manuel"]
[Black "Lorenzo Grande, Jorge"]
[Result "1-0"]
[WhiteElo "2524"]
[BlackElo "2044"]
[PlyCount "113"]
[EventDate "2010.12.04"]
[EventType "swiss"]
[EventRounds "9"]
[EventCountry "ESP"]
[Source "lmi"]
[SourceDate "2010.12.04"]

1. Nf3 Nf6 2. g3 b6 3. Bg2 Bb7 4. O-O e6 5. c4 Be7 6. Nc3 c5 7. d4 cxd4 8. Qxd4
Nc6 9. Qf4 O-O 10. Rd1 Qb8 11. b3 Bb4 12. Bb2 Qxf4 13. gxf4 Na5 14. Ne5 Bxg2
15. Kxg2 d5 16. cxd5 Bxc3 17. Bxc3 Nxd5 18. Bxa5 bxa5 19. Kf3 Rfc8 20. Rac1 a4
21. bxa4 Rc3+ 22. Rxc3 Nxc3 23. Rd7 f6 24. Nc6 Nxa4 25. Nd4 e5 26. Ne6 g6 27.
fxe5 fxe5 28. Rg7+ Kh8 29. Rc7 Re8 30. Ng5 Rf8+ 31. Kg3 Kg8 32. e3 h6 33. Nf3
e4 34. Ne5 Rf5 35. Ng4 Rf3+ 36. Kg2 h5 37. Ne5 Rf5 38. Nc6 Rf6 39. Ne7+ Kf8 40.
Nd5 Rf5 41. Nf4 Ke8 42. Rc4 Nc5 43. Nxg6 Rg5+ 44. Kf1 Kd7 45. Nf4 Kc6 46. Ne6
Kb5 47. Rxc5+ Rxc5 48. Nxc5 Kxc5 49. Kg2 a5 50. f4 exf3+ 51. Kxf3 a4 52. Kf4
Kd6 53. Kf5 Ke7 54. Ke5 h4 55. h3 a3 56. e4 Kd7 57. Kf6 1-0

[Event "16. Torneo Navalmoral de la Mata"]
[Site "Navamoral de la Mata ESP"]
[Date "2010.12.04"]
[Round "1.8"]
[White "Garcia Torres, Jose Miguel"]
[Black "Cornette, Matthieu"]
[Result "0-1"]
[WhiteElo "2017"]
[BlackElo "2522"]
[PlyCount "84"]
[EventDate "2010.12.04"]
[EventType "swiss"]
[EventRounds "9"]
[EventCountry "ESP"]
[Source "lmi"]
[SourceDate "2010.12.04"]

1. e4 c5 2. Nf3 e6 3. d4 cxd4 4. Nxd4 Nc6 5. c4 Nf6 6. Nc3 Bb4 7. Bg5 Qa5 8.
Nxc6 Bxc3+ 9. bxc3 Qxg5 10. Nd4 Nxe4 11. Qc2 Nc5 12. h4 Qe5+ 13. Be2 b6 14. Rh3
Bb7 15. Re3 Qf6 16. O-O-O O-O 17. Bf3 Bxf3 18. Nxf3 Rac8 19. Ng5 Qg6 20. Ne4
Nxe4 21. Qxe4 Qf6 22. Rf3 Qe7 23. Kb2 Rc5 24. Rd5 f5 25. Qe2 Rfc8 26. Rfd3 R8c7
27. f4 Ra5 28. Rd6 Rxc4 29. Qf3 Re4 30. g4 Qxh4 31. gxf5 exf5 32. Rxd7 h5 33.
Rxg7+ Kxg7 34. Qg2+ Kh8 35. Rd7 Qg4 36. Rd8+ Kg7 37. Qd2 Qxf4 38. Qd7+ Kf6 39.
Rf8+ Kg5 40. Qd8+ Kg4 41. Rg8+ Kh3 42. Qd1 Qf2+ 0-1

[Event "16. Torneo Navalmoral de la Mata"]
[Site "Navamoral de la Mata ESP"]
[Date "2010.12.04"]
[Round "1.9"]
[White "Le Roux, Jean-Pierre"]
[Black "Serrano Fuentes, Martin"]
[Result "1-0"]
[WhiteElo "2520"]
[BlackElo "2012"]
[PlyCount "77"]
[EventDate "2010.12.04"]
[EventType "swiss"]
[EventRounds "9"]
[EventCountry "ESP"]
[Source "lmi"]
[SourceDate "2010.12.04"]

1. e4 c5 2. Nf3 a6 3. c3 Nf6 4. e5 Nd5 5. d4 cxd4 6. Bc4 Nb6 7. Bb3 e6 8. cxd4
d5 9. O-O Be7 10. Nc3 O-O 11. Bc2 f5 12. exf6 Bxf6 13. Ne2 Nc6 14. Nf4 g6 15.
g3 Qc7 16. Re1 Qf7 17. h4 Nxd4 18. Nxd4 e5 19. h5 exf4 20. hxg6 hxg6 21. Bxf4
g5 22. Nf5 Bxf5 23. Bxf5 Rae8 24. Qg4 Bd8 25. Be6 Rxe6 26. Rxe6 Qf5 27. Qxf5
Rxf5 28. Be3 Nc4 29. Re8+ Rf8 30. Rxf8+ Kxf8 31. Rd1 Bb6 32. Bxb6 Nxb6 33. Rc1
Ke7 34. Rc7+ Kd6 35. Rxb7 Kc6 36. Ra7 d4 37. Rxa6 g4 38. Kf1 Kb5 39. Rxb6+ 1-0

[Event "16. Torneo Navalmoral de la Mata"]
[Site "Navamoral de la Mata ESP"]
[Date "2010.12.04"]
[Round "1.10"]
[White "Miranda Gonzalez, Jose Luis"]
[Black "Malaniuk, Vladimir P"]
[Result "0-1"]
[WhiteElo "2008"]
[BlackElo "2510"]
[PlyCount "104"]
[EventDate "2010.12.04"]
[EventType "swiss"]
[EventRounds "9"]
[EventCountry "ESP"]
[Source "lmi"]
[SourceDate "2010.12.04"]

1. e4 d6 2. d4 Nf6 3. Nc3 e5 4. Nf3 Nbd7 5. Bc4 Be7 6. O-O O-O 7. dxe5 dxe5 8.
Bg5 c6 9. a4 a5 10. Qe2 h6 11. Bh4 Nh5 12. Bxe7 Qxe7 13. Rfd1 Nb6 14. Bb3 Bg4
15. Rd2 Qf6 16. Rad1 Rac8 17. Qe3 Bxf3 18. Qxf3 Qxf3 19. gxf3 Rc7 20. Kf1 Re8
21. Rd6 Nf6 22. Ke2 Nbd7 23. Ke3 Nc5 24. Bc4 Kf8 25. b3 Nh5 26. Ne2 g6 27. Rd8
Rce7 28. R8d6 Kg7 29. Rd8 Nf6 30. Rxe8 Rxe8 31. Ng3 h5 32. h4 Kf8 33. Ne2 Ke7
34. Ng1 Rb8 35. Nh3 b5 36. axb5 cxb5 37. Bd5 a4 38. bxa4 bxa4 39. Ng5 Rb2 40.
Bxf7 Rxc2 41. Ra1 Nfd7 42. Bxg6 Nb6 43. f4 Nb3 44. Rd1 a3 45. Bf7 Rc3+ 46. Ke2
Nc4 47. f5 a2 48. Be6 a1=Q 49. Rd7+ Ke8 50. Nh7 Nc1+ 51. Kf1 Nd3+ 52. Kg2 Nf4+
0-1

[Event "16. Torneo Navalmoral de la Mata"]
[Site "Navamoral de la Mata ESP"]
[Date "2010.12.04"]
[Round "2.1"]
[White "Shishkin, Vadim"]
[Black "Fedorchuk, Sergey A"]
[Result "1/2-1/2"]
[WhiteElo "2458"]
[BlackElo "2674"]
[PlyCount "20"]
[EventDate "2010.12.04"]
[EventType "swiss"]
[EventRounds "9"]
[EventCountry "ESP"]
[Source "lmi"]
[SourceDate "2010.12.04"]

1. d4 Nf6 2. c4 e6 3. Nc3 Bb4 4. Qc2 O-O 5. e4 d6 6. a3 Bxc3+ 7. bxc3 Nbd7 8.
Bd3 c5 9. Nf3 Qc7 10. O-O Re8 1/2-1/2

[Event "16. Torneo Navalmoral de la Mata"]
[Site "Navamoral de la Mata ESP"]
[Date "2010.12.04"]
[Round "2.2"]
[White "Spasov, Vasil"]
[Black "Gonzalez Perez, Arian"]
[Result "1/2-1/2"]
[WhiteElo "2606"]
[BlackElo "2435"]
[PlyCount "80"]
[EventDate "2010.12.04"]
[EventType "swiss"]
[EventRounds "9"]
[EventCountry "ESP"]
[Source "lmi"]
[SourceDate "2010.12.04"]

1. e4 c5 2. Nf3 d6 3. d4 cxd4 4. Nxd4 Nf6 5. Nc3 g6 6. Be2 Bg7 7. O-O O-O 8.
Be3 Nc6 9. Qd2 Bd7 10. f3 a6 11. a4 Rb8 12. Rfd1 Qc7 13. Kh1 Rfc8 14. Nxc6 Qxc6
15. a5 Be6 16. Ba7 Ra8 17. Bd4 Nd7 18. Bxg7 Kxg7 19. Rdc1 b5 20. axb6 Qxb6 21.
Na4 Qf2 22. Rf1 Qa7 23. b3 Kg8 24. f4 Nf6 25. Bd3 a5 26. Nc3 Qc5 27. Ne2 Bd7
28. Ng3 Rcb8 29. Rae1 Qb4 30. Qe2 Bb5 31. c4 Be8 32. e5 Nd7 33. Bc2 dxe5 34. f5
f6 35. Qg4 Nf8 36. fxg6 hxg6 37. Nf5 Ra7 38. Nh6+ Kg7 39. Nf5+ Kg8 40. Nh6+ Kg7
1/2-1/2

[Event "16. Torneo Navalmoral de la Mata"]
[Site "Navamoral de la Mata ESP"]
[Date "2010.12.04"]
[Round "2.3"]
[White "Pogorelov, Ruslan"]
[Black "Corrales Jimenez, Fidel"]
[Result "1/2-1/2"]
[WhiteElo "2434"]
[BlackElo "2597"]
[PlyCount "81"]
[EventDate "2010.12.04"]
[EventType "swiss"]
[EventRounds "9"]
[EventCountry "ESP"]
[Source "lmi"]
[SourceDate "2010.12.04"]

1. Nf3 Nf6 2. c4 e6 3. Nc3 d5 4. d4 Bb4 5. cxd5 exd5 6. Qa4+ Nc6 7. Bg5 h6 8.
Bxf6 Qxf6 9. e3 O-O 10. Be2 Be6 11. O-O a6 12. Rfc1 Bd6 13. Qd1 Ne7 14. Na4 b6
15. b4 g5 16. Nb2 Ng6 17. Nd3 Rfe8 18. a4 a5 19. b5 Re7 20. Nd2 Bf5 21. Nf1
Rae8 22. Bg4 Be4 23. f3 Bf5 24. Bxf5 Qxf5 25. Nf2 Nh4 26. Ng3 Qg6 27. e4 dxe4
28. fxe4 Bf4 29. Rc3 Rd8 30. Rd3 Qd6 31. e5 Qg6 32. Nge4 Nf5 33. Raa3 Kg7 34.
g3 Be3 35. Rxe3 Nxe3 36. Rxe3 Rxe5 37. Qa1 Red5 38. Nc3 R5d7 39. d5 Qf6 40. Qd1
Qf5 41. Ng4 1/2-1/2

[Event "16. Torneo Navalmoral de la Mata"]
[Site "Navamoral de la Mata ESP"]
[Date "2010.12.04"]
[Round "2.4"]
[White "Kolev Ivanov, Atanas"]
[Black "Cruz Estrada, Filemon"]
[Result "1-0"]
[WhiteElo "2571"]
[BlackElo "2424"]
[PlyCount "65"]
[EventDate "2010.12.04"]
[EventType "swiss"]
[EventRounds "9"]
[EventCountry "ESP"]
[Source "lmi"]
[SourceDate "2010.12.04"]

1. d4 d5 2. Nf3 c6 3. Bf4 Qb6 4. Qc1 Bf5 5. e3 Nd7 6. Be2 h6 7. O-O Ngf6 8. c4
e6 9. Nc3 Be7 10. h3 O-O 11. c5 Qd8 12. b4 Qc8 13. b5 Bd8 14. Bd6 Re8 15. bxc6
bxc6 16. Qa3 a5 17. Ne5 Nxe5 18. dxe5 Nd7 19. f4 f6 20. e4 dxe4 21. Bc4 h5 22.
Rae1 Bg6 23. f5 Bf7 24. fxe6 Bxe6 25. Bxe6+ Rxe6 26. Qb3 Nxe5 27. Bxe5 fxe5 28.
Nxe4 Rb8 29. Qf3 Rh6 30. Qf8+ Kh7 31. Nd6 Qe6 32. Rf7 Rg6 33. Ne8 1-0

[Event "16. Torneo Navalmoral de la Mata"]
[Site "Navamoral de la Mata ESP"]
[Date "2010.12.04"]
[Round "2.5"]
[White "Barria Zuñiga, Daniel"]
[Black "Leon Hoyos, Manuel"]
[Result "1/2-1/2"]
[WhiteElo "2422"]
[BlackElo "2570"]
[PlyCount "62"]
[EventDate "2010.12.04"]
[EventType "swiss"]
[EventRounds "9"]
[EventCountry "ESP"]
[Source "lmi"]
[SourceDate "2010.12.04"]

1. d4 Nf6 2. c4 c5 3. d5 b5 4. Qc2 bxc4 5. e4 d6 6. Bxc4 g6 7. Nc3 Bg7 8. Nf3
O-O 9. O-O Nbd7 10. h3 Nb6 11. Be2 a5 12. Bf4 Ba6 13. Rad1 Ne8 14. Bxa6 Rxa6
15. e5 Nc7 16. Rfe1 Qd7 17. Bg3 Rb8 18. b3 a4 19. bxa4 Nxa4 20. Nxa4 Rxa4 21.
exd6 exd6 22. Bxd6 Rxa2 23. Qxa2 Qxd6 24. Qa4 Bc3 25. Re3 Bf6 26. Rb3 Rd8 27.
Rbd3 Bg7 28. Qc4 Na8 29. Rb3 Nc7 30. Rbd3 Na8 31. Rb3 Nc7 1/2-1/2

[Event "16. Torneo Navalmoral de la Mata"]
[Site "Navamoral de la Mata ESP"]
[Date "2010.12.04"]
[Round "2.6"]
[White "Shchekachev, Andrei"]
[Black "Espinosa Aranda, Angel"]
[Result "0-1"]
[WhiteElo "2527"]
[BlackElo "2419"]
[PlyCount "90"]
[EventDate "2010.12.04"]
[EventType "swiss"]
[EventRounds "9"]
[EventCountry "ESP"]
[Source "lmi"]
[SourceDate "2010.12.04"]

1. c4 e5 2. Nc3 Nf6 3. Nf3 Nc6 4. g3 Bb4 5. Bg2 O-O 6. Nd5 e4 7. Nh4 Re8 8. O-O
d6 9. d3 exd3 10. Qxd3 Nxd5 11. cxd5 Ne5 12. Qc2 Bc5 13. Bd2 Bg4 14. Bc3 Qd7
15. Kh1 Ng6 16. Nxg6 Rxe2 17. Qd1 hxg6 18. f3 Rxg2 19. fxg4 Rf2 20. Rxf2 Bxf2
21. Qf3 Bb6 22. Rf1 Re8 23. Qf4 Re2 24. Qf3 Qe7 25. g5 Re3 26. Qg4 Qe4+ 27.
Qxe4 Rxe4 28. Kg2 Re2+ 29. Kf3 Rxh2 30. a4 c5 31. dxc6 bxc6 32. a5 Bc5 33. Rc1
Rf2+ 34. Kg4 Be3 35. Rd1 d5 36. Rd3 Bc5 37. a6 Rc2 38. Kf3 f5 39. g4 Kf7 40.
Rd1 Rh2 41. Rc1 Bb6 42. b4 Rf2+ 43. Kg3 Ra2 44. Be1 Rxa6 45. Kf3 Bd4 0-1

[Event "16. Torneo Navalmoral de la Mata"]
[Site "Navamoral de la Mata ESP"]
[Date "2010.12.04"]
[Round "2.7"]
[White "Cruz, Jonathan"]
[Black "Perez Candelario, Manuel"]
[Result "0-1"]
[WhiteElo "2399"]
[BlackElo "2524"]
[PlyCount "100"]
[EventDate "2010.12.04"]
[EventType "swiss"]
[EventRounds "9"]
[EventCountry "ESP"]
[Source "lmi"]
[SourceDate "2010.12.04"]

1. d4 d5 2. Nf3 Nf6 3. c4 e6 4. Nc3 c6 5. e3 Nbd7 6. Bd3 dxc4 7. Bxc4 b5 8. Bd3
Bb7 9. O-O b4 10. Ne2 c5 11. Nf4 Be7 12. Qe2 O-O 13. Rd1 cxd4 14. exd4 Nb6 15.
Be3 Nbd5 16. Rac1 Rc8 17. Bc4 Bd6 18. Nxd5 Nxd5 19. Ba6 Qb6 20. Bxb7 Qxb7 21.
Ne5 a5 22. Nc4 Qa6 23. Qf1 a4 24. Nxd6 Qxd6 25. Qd3 h6 26. Rc2 a3 27. Rdc1 Rxc2
28. Qxc2 axb2 29. Qxb2 Qa6 30. Bd2 Ra8 31. Bxb4 Qxa2 32. Qxa2 Rxa2 33. Bd6 Rd2
34. Bc5 Nf4 35. Rf1 g5 36. g3 Nd3 37. h3 e5 38. Bb6 e4 39. Ba5 Rc2 40. Bb6 Rb2
41. Bc7 f6 42. g4 Kf7 43. d5 Rb5 44. d6 Ke6 45. Ra1 Rb4 46. Rd1 Rd4 47. Kf1 Kd7
48. Rd2 Ra4 49. Kg1 Ra1+ 50. Kg2 Ne1+ 0-1

[Event "16. Torneo Navalmoral de la Mata"]
[Site "Navamoral de la Mata ESP"]
[Date "2010.12.04"]
[Round "2.8"]
[White "Cornette, Matthieu"]
[Black "Carrasco Martinez, Juan M"]
[Result "1/2-1/2"]
[WhiteElo "2522"]
[BlackElo "2390"]
[PlyCount "151"]
[EventDate "2010.12.04"]
[EventType "swiss"]
[EventRounds "9"]
[EventCountry "ESP"]
[Source "lmi"]
[SourceDate "2010.12.04"]

1. e4 e6 2. d4 d5 3. Nd2 Nf6 4. e5 Nfd7 5. f4 c5 6. Ngf3 Nc6 7. Nb3 c4 8. Nbd2
f5 9. Be2 Be7 10. Nf1 b5 11. h3 Nb6 12. Kf2 Bd7 13. b3 Qc7 14. Bd2 h6 15. g3
Rg8 16. h4 a5 17. c3 a4 18. b4 O-O-O 19. h5 g6 20. hxg6 Rxg6 21. Nh4 Bxh4 22.
Rxh4 Rdg8 23. Bh5 R6g7 24. Qf3 Qd8 25. Qh1 Qf8 26. Bf3 Rg6 27. a3 Ne7 28. Rh3
Na8 29. Ne3 Nc7 30. Rg1 Bc6 31. Qh2 Kb7 32. Bh5 R6g7 33. Bd1 Rh7 34. Rh1 Rgh8
35. Ng2 Be8 36. Nh4 Kb6 37. Qg2 Ka6 38. R1h2 Kb6 39. Qh1 Ka6 40. Be3 Kb6 41.
Nf3 Bg6 42. Nh4 Be8 43. Ng2 Ka6 44. Bd2 Kb6 45. Ne3 Bg6 46. Rh4 Ka6 47. Bc2 Kb6
48. Qb1 Qf7 49. R4h3 Ka6 50. Ng2 Qf8 51. Be3 Kb6 52. Rh4 Qf7 53. Rh1 Ka6 54.
R4h2 Qg8 55. Nh4 Be8 56. Qd1 Rg7 57. Rh3 Kb6 58. Nf3 Rgh7 59. Rh4 Bg6 60. R1h2
Qf8 61. Qg1 Qf7 62. R4h3 Qf8 63. Nh4 Be8 64. Bd1 Ka6 65. Be2 Kb6 66. Qd1 Ka6
67. Bh5 Bxh5 68. Qxh5 Rg7 69. Qd1 Kb6 70. Nf3 Rg6 71. Qh1 Kc6 72. Rh5 Kd7 73.
Rg5 Rhg8 74. Rxg6 Rxg6 75. Rh5 Ne8 76. Nh4 1/2-1/2

[Event "16. Torneo Navalmoral de la Mata"]
[Site "Navamoral de la Mata ESP"]
[Date "2010.12.04"]
[Round "2.9"]
[White "Cabezas Ayala, Ivan"]
[Black "Le Roux, Jean-Pierre"]
[Result "0-1"]
[WhiteElo "2355"]
[BlackElo "2520"]
[PlyCount "74"]
[EventDate "2010.12.04"]
[EventType "swiss"]
[EventRounds "9"]
[EventCountry "ESP"]
[Source "lmi"]
[SourceDate "2010.12.04"]

1. e4 e5 2. Nf3 Nc6 3. Bb5 a6 4. Ba4 Nf6 5. O-O Nxe4 6. d4 b5 7. Bb3 d5 8. dxe5
Be6 9. Be3 Be7 10. Nbd2 Nc5 11. Qe2 d4 12. Bf4 d3 13. Qe3 Nb4 14. Ne1 Nxb3 15.
cxb3 O-O 16. Ne4 c5 17. Rd1 c4 18. bxc4 bxc4 19. b3 Bg4 20. Rd2 Be2 21. bxc4
Bxf1 22. Kxf1 Qc8 23. a3 Nc6 24. Nxd3 Rb8 25. Rb2 Qe6 26. Nd2 Rxb2 27. Nxb2 Rd8
28. h3 Nd4 29. Kg1 h6 30. Ne4 Qb6 31. Nd3 Qb1+ 32. Nc1 Qxc1+ 33. Qxc1 Ne2+ 34.
Kh2 Nxc1 35. Bxc1 Rd4 36. Nd6 Bxd6 37. exd6 Rxd6 0-1

[Event "16. Torneo Navalmoral de la Mata"]
[Site "Navamoral de la Mata ESP"]
[Date "2010.12.04"]
[Round "2.10"]
[White "Malaniuk, Vladimir P"]
[Black "Fernandez Barrera, Victor"]
[Result "1/2-1/2"]
[WhiteElo "2510"]
[BlackElo "2342"]
[PlyCount "78"]
[EventDate "2010.12.04"]
[EventType "swiss"]
[EventRounds "9"]
[EventCountry "ESP"]
[Source "lmi"]
[SourceDate "2010.12.04"]

1. Nf3 Nf6 2. c4 g6 3. Nc3 d5 4. cxd5 Nxd5 5. Qb3 Nb6 6. d4 Bg7 7. Bf4 O-O 8.
e3 a5 9. Be2 a4 10. Qa3 Be6 11. O-O c6 12. Rfd1 h6 13. h3 g5 14. Be5 f6 15.
Bxb8 Rxb8 16. Nxa4 Ra8 17. b3 Nxa4 18. bxa4 Qd6 19. Qxd6 exd6 20. Rdb1 Rxa4 21.
Rxb7 Rfa8 22. Rc7 Rxa2 23. Rxa2 Rxa2 24. Bd3 Ra1+ 25. Kh2 Rc1 26. e4 d5 27. Re7
Bf7 28. e5 Kf8 29. Rb7 fxe5 30. dxe5 Be6 31. Bg6 c5 32. Rb8+ Ke7 33. Re8+ Kd7
34. Ra8 Ke7 35. Ra7+ Kf8 36. g4 Rc3 37. Ra8+ Ke7 38. Ra7+ Kf8 39. Ra8+ Ke7
1/2-1/2

[Event "16. Torneo Navalmoral de la Mata"]
[Site "Navamoral de la Mata ESP"]
[Date "2010.12.05"]
[Round "3.1"]
[White "Perez Mitjans, Orelvis"]
[Black "Kolev Ivanov, Atanas"]
[Result "1/2-1/2"]
[WhiteElo "2460"]
[BlackElo "2571"]
[PlyCount "77"]
[EventDate "2010.12.04"]
[EventType "swiss"]
[EventRounds "9"]
[EventCountry "ESP"]
[Source "lmi"]
[SourceDate "2010.12.04"]

1. e4 c5 2. Nf3 Nc6 3. d4 cxd4 4. Nxd4 Nf6 5. Nc3 e5 6. Ndb5 d6 7. Nd5 Nxd5 8.
exd5 Nb8 9. c4 Be7 10. Bd3 a6 11. Nc3 O-O 12. O-O f5 13. f3 Nd7 14. Rb1 Bg5 15.
b4 Bxc1 16. Qxc1 Qf6 17. Kh1 e4 18. Be2 exf3 19. Bxf3 Ne5 20. Na4 f4 21. Nb6
Bf5 22. Rb3 Rae8 23. Qxf4 Nd3 24. Rxd3 Bxd3 25. Qxf6 Rxf6 26. Rc1 Be2 27. c5
Bxf3 28. gxf3 dxc5 29. bxc5 Re2 30. c6 bxc6 31. dxc6 Rh6 32. Kg1 Rg6+ 33. Kh1
Rh6 34. Kg1 Rg6+ 35. Kh1 Rgg2 36. c7 Rxh2+ 37. Kg1 Rhg2+ 38. Kh1 Rh2+ 39. Kg1
1/2-1/2

[Event "16. Torneo Navalmoral de la Mata"]
[Site "Navamoral de la Mata ESP"]
[Date "2010.12.05"]
[Round "3.2"]
[White "Perez Candelario, Manuel"]
[Black "Spirin, Oleg"]
[Result "1-0"]
[WhiteElo "2524"]
[BlackElo "2464"]
[PlyCount "81"]
[EventDate "2010.12.04"]
[EventType "swiss"]
[EventRounds "9"]
[EventCountry "ESP"]
[Source "lmi"]
[SourceDate "2010.12.04"]

1. e4 c5 2. Nf3 d6 3. d4 cxd4 4. Nxd4 Nf6 5. Nc3 a6 6. Bg5 Nbd7 7. Qe2 e6 8. f4
Qc7 9. O-O-O Be7 10. g4 b5 11. a3 Bb7 12. Bxf6 gxf6 13. Kb1 Nb6 14. h4 h6 15.
Rh3 Rg8 16. f5 e5 17. Nb3 Rc8 18. Nc1 Qb8 19. N1a2 Qa8 20. Nb4 Rc5 21. Rhd3 Qb8
22. Qf3 Kf8 23. Be2 Qc7 24. Qf2 a5 25. Nba2 Bc6 26. Rg3 Qb7 27. g5 hxg5 28.
hxg5 Nd7 29. g6 Bxe4 30. Qe3 Bxf5 31. Qh6+ Ke8 32. gxf7+ Kxf7 33. Bh5+ Ke6 34.
Rxg8 b4 35. Qg7 Bxc2+ 36. Ka1 Bxd1 37. Qf7+ Kf5 38. Qh7+ Kf4 39. Qh6+ Kf5 40.
Bg6+ Ke6 41. Qh3+ 1-0

[Event "16. Torneo Navalmoral de la Mata"]
[Site "Navamoral de la Mata ESP"]
[Date "2010.12.05"]
[Round "3.3"]
[White "Le Roux, Jean-Pierre"]
[Black "Koziak, Vitali"]
[Result "1-0"]
[WhiteElo "2520"]
[BlackElo "2460"]
[PlyCount "55"]
[EventDate "2010.12.04"]
[EventType "swiss"]
[EventRounds "9"]
[EventCountry "ESP"]
[Source "lmi"]
[SourceDate "2010.12.04"]

1. e4 c6 2. d4 d5 3. Nd2 dxe4 4. Nxe4 Nd7 5. Ng5 Ngf6 6. Bd3 e6 7. N1f3 Bd6 8.
Qe2 h6 9. Ne4 Nxe4 10. Qxe4 Qc7 11. Qg4 Kf8 12. O-O b6 13. b3 g5 14. Qh3 Kg7
15. Bb2 f6 16. Qxe6 Nf8 17. Qe4 Be6 18. Rfe1 Re8 19. d5 cxd5 20. Bxf6+ Kf7 21.
Qd4 Rg8 22. Bb5 Rc8 23. Ne5+ Bxe5 24. Bxe5 Qc5 25. Qa4 a5 26. Re3 Bf5 27. Bd4
Qb4 28. Be8+ 1-0